[Event "Campeonato España Sub 18"]
[Site "Salobreña"]
[Date "2017.08.01"]
[Round "3"]
[White "Povill Claros, Xavier"]
[Black "Martinez Pla, Xavier"]
[Result "1/2-1/2"]
[Board "4"]
[WhiteClock "1:30"]
[WhiteTitle "FM"]
[WhiteElo "2337"]
[WhiteCountry "ESP"]
[WhiteFideId "32040512"]
[WhiteEloChange "-5"]
[BlackClock "1:30"]
[BlackElo "2166"]
[BlackCountry "ESP"]
[BlackFideId "32074271"]
[BlackEloChange "5"]

1. d4 {[%clk 1:30:00]} Nf6 {[%clk 1:28:00]} 2. Nf3 {[%clk 1:31:00]} e6 {[%clk
1:29:00]} 3. e3 {[%clk 1:31:00]} b6 {[%clk 1:28:00]} 4. Bd3 {[%clk 1:32:00]} Bb7
{[%clk 1:29:00]} 5. O-O {[%clk 1:32:00]} g6 {[%clk 1:28:00]} 6. c4 {[%clk
1:32:00]} Bg7 {[%clk 1:29:00]} 7. Nc3 {[%clk 1:27:00]} d5 {[%clk 1:29:00]} 8.
cxd5 {[%clk 1:21:00]} exd5 {[%clk 1:29:00]} 9. Qa4+ {[%clk 1:19:00]} Nbd7 {[%clk
1:19:00]} 10. Ba6 {[%clk 1:06:00]} Bxa6 {[%clk 1:11:00]} 11. Qxa6 {[%clk
1:07:00]} c6 {[%clk 1:04:00]} 12. b3 {[%clk 0:56:00]} O-O {[%clk 1:04:00]} 13.
Ba3 {[%clk 0:56:00]} Re8 {[%clk 1:04:00]} 14. Rac1 {[%clk 0:56:00]} Ne4 {[%clk
0:55:00]} 15. Nxe4 {[%clk 0:39:00]} dxe4 {[%clk 0:55:00]} 16. Nd2 {[%clk
0:38:00]} c5 {[%clk 0:55:00]} 17. dxc5 {[%clk 0:33:00]} Nxc5 {[%clk 0:54:00]} 18.
Bxc5 {[%clk 0:33:00]} Qxd2 {[%clk 0:54:00]} 19. Bd4 {[%clk 0:30:00]} Bxd4 {[%clk
0:54:00]} 20. Rcd1 {[%clk 0:30:00]} Qc2 {[%clk 0:46:00]} 21. Rxd4 {[%clk
0:28:00]} Red8 {[%clk 0:45:00]} 22. Rc4 {[%clk 0:14:08]} Qe2 {[%clk 0:41:00]} 23.
h3 {[%clk 0:14:21]} Rd2 {[%clk 0:36:00]} 24. Rc8+ {[%clk 0:08:25]} Rxc8 {[%clk
0:37:00]} 25. Qxc8+ {[%clk 0:08:46]} Kg7 {[%clk 0:37:00]} 26. Qc3+ {[%clk
0:08:59]} Kg8 {[%clk 0:37:00]} 27. Qc8+ {[%clk 0:06:25]} Kg7 {[%clk 0:38:00]} 28.
Qc3+ {[%clk 0:05:18]} Kg8 {[%clk 0:38:00]} 29. Qc8+ {[%clk 0:05:16]} Kg7 {[%clk
0:38:00]} 30. Qc3+ {[%clk 0:05:38]} Kg8 {[%clk 0:38:00]} 1/2-1/2

[Event "Campeonato España Sub 18"]
[Site "Salobreña"]
[Date "2017.08.01"]
[Round "3"]
[White "Lopez Mulet, Inigo"]
[Black "Perez Tores, Juan Miguel"]
[Result "1/2-1/2"]
[Board "5"]
[WhiteClock "1:30"]
[WhiteTitle "FM"]
[WhiteElo "2327"]
[WhiteCountry "ESP"]
[WhiteFideId "22235620"]
[WhiteEloChange "-4"]
[BlackClock "1:30"]
[BlackElo "2163"]
[BlackCountry "ESP"]
[BlackFideId "22247602"]
[BlackEloChange "4"]

1. d4 {[%clk 1:30:00]} Nf6 {[%clk 1:29:00]} 2. c4 {[%clk 1:31:00]} e6 {[%clk
1:29:00]} 3. g3 {[%clk 1:31:00]} Bb4+ {[%clk 1:28:00]} 4. Bd2 {[%clk 1:31:00]}
Be7 {[%clk 1:29:00]} 5. Bg2 {[%clk 1:30:00]} d5 {[%clk 1:29:00]} 6. Nf3 {[%clk
1:30:00]} O-O {[%clk 1:29:00]} 7. O-O {[%clk 1:29:00]} Ne4 {[%clk 1:28:00]} 8.
Bf4 {[%clk 1:23:00]} g5 {[%clk 1:28:00]} 9. Bc1 {[%clk 1:23:00]} c6 {[%clk
1:25:00]} 10. Nfd2 {[%clk 1:19:00]} f5 {[%clk 1:20:00]} 11. Nxe4 {[%clk 1:13:00]}
dxe4 {[%clk 1:18:00]} 12. Nc3 {[%clk 1:02:00]} Bf6 {[%clk 1:10:00]} 13. Be3
{[%clk 0:55:00]} Nd7 {[%clk 0:58:00]} 14. Qb3 {[%clk 0:37:00]} Rf7 {[%clk
0:49:00]} 15. Rad1 {[%clk 0:37:00]} Nf8 {[%clk 0:47:00]} 16. f3 {[%clk 0:33:00]}
exf3 {[%clk 0:35:00]} 17. Bxf3 {[%clk 0:31:00]} Qe8 {[%clk 0:27:00]} 18. Bc1
{[%clk 0:06:58]} e5 {[%clk 0:22:00]} 19. d5 {[%clk 0:06:53]} g4 {[%clk 0:21:00]}
20. Bg2 {[%clk 0:07:06]} e4 {[%clk 0:21:00]} 21. Be3 {[%clk 0:04:42]} h5 {[%clk
0:19:01]} 22. dxc6 {[%clk 0:02:08]} bxc6 {[%clk 0:17:41]} 23. Rd6 {[%clk
0:02:26]} Be5 {[%clk 0:15:47]} 24. Rh6 {[%clk 0:02:44]} Bg7 {[%clk 0:14:20]} 25.
Rd6 {[%clk 0:02:23]} Be5 {[%clk 0:14:40]} 26. Rh6 {[%clk 0:00:37]} Bg7 {[%clk
0:14:54]} 27. Rd6 {[%clk 0:00:37]} 1/2-1/2

[Event "Campeonato España Sub 18"]
[Site "Salobreña"]
[Date "2017.08.01"]
[Round "3"]
[White "Orteu Capdevila, Max"]
[Black "Domingo Nunez, Alejandro"]
[Result "1/2-1/2"]
[Board "6"]
[WhiteClock "n/a"]
[WhiteElo "2161"]
[WhiteCountry "ESP"]
[WhiteFideId "32075359"]
[WhiteEloChange "3"]
[BlackClock "n/a"]
[BlackTitle "FM"]
[BlackElo "2287"]
[BlackCountry "ESP"]
[BlackFideId "22245561"]
[BlackEloChange "-3"]

1. c4 {[%clk 1:30:30]} Nf6 {[%clk 1:30:30]} 2. g3 {[%clk 1:30:30]} c5 {[%clk
1:30:30]} 3. Bg2 {[%clk 1:30:30]} Nc6 {[%clk 1:30:30]} 4. Nc3 {[%clk 1:30:30]} g6
{[%clk 1:30:30]} 5. e3 {[%clk 1:30:30]} d6 {[%clk 1:30:30]} 6. d3 {[%clk
1:30:30]} Bg7 {[%clk 1:30:30]} 7. Nge2 {[%clk 1:30:30]} O-O {[%clk 1:30:30]} 8.
O-O {[%clk 1:30:30]} Bd7 {[%clk 1:30:30]} 9. h3 {[%clk 1:30:30]} Rb8 {[%clk
1:30:30]} 10. b3 {[%clk 1:30:30]} a6 {[%clk 1:30:30]} 11. Bb2 {[%clk 1:30:30]} b5
{[%clk 1:30:30]} 12. Qd2 {[%clk 1:30:30]} bxc4 {[%clk 1:30:30]} 13. dxc4 {[%clk
1:30:30]} Nb4 {[%clk 1:30:30]} 14. Nf4 {[%clk 1:30:30]} Qc8 {[%clk 1:30:30]} 15.
Kh2 {[%clk 1:30:30]} Rd8 {[%clk 1:30:30]} 16. Rfd1 {[%clk 1:30:30]} Be8 {[%clk
1:30:30]} 17. Rab1 {[%clk 1:30:30]} e6 {[%clk 1:30:30]} 18. Ne4 {[%clk 1:30:30]}
Nxe4 {[%clk 1:30:30]} 19. Bxe4 {[%clk 1:30:30]} Bc6 {[%clk 1:30:30]} 20. Bxc6
{[%clk 1:30:30]} Nxc6 {[%clk 1:30:30]} 21. Bxg7 {[%clk 1:30:30]} Kxg7 {[%clk
1:30:30]} 22. Qc3+ {[%clk 1:30:30]} f6 {[%clk 1:30:30]} 23. Nd3 {[%clk 1:30:30]}
Kf7 {[%clk 1:30:30]} 24. f4 {[%clk 1:30:30]} Qb7 {[%clk 1:30:30]} 25. Nf2 {[%clk
1:30:30]} Ne7 {[%clk 1:30:30]} 26. Ng4 {[%clk 1:30:30]} Ng8 {[%clk 1:30:30]} 27.
Rd3 {[%clk 1:30:30]} h5 {[%clk 1:30:30]} 28. Nf2 {[%clk 1:30:30]} Qf3 {[%clk
1:30:30]} 29. Qd2 {[%clk 1:30:30]} h4 {[%clk 1:30:30]} 30. g4 {[%clk 1:30:30]} e5
{[%clk 1:30:30]} 31. Rf1 {[%clk 1:30:30]} Qg3+ {[%clk 1:30:30]} 32. Kh1 {[%clk
1:30:30]} Qf3+ {[%clk 1:30:30]} 33. Kh2 {[%clk 1:30:30]} Qg3+ {[%clk 1:30:30]}
1/2-1/2

[Event "Campeonato España Sub 18"]
[Site "Salobreña"]
[Date "2017.08.01"]
[Round "3"]
[White "Galiana Fernandez, Adrian"]
[Black "Esquivias Quintero, Luis Manuel"]
[Result "0-1"]
[Board "7"]
[WhiteClock "1:30"]
[WhiteElo "2274"]
[WhiteCountry "ESP"]
[WhiteFideId "32010150"]
[WhiteEloChange "-15"]
[BlackClock "1:30"]
[BlackElo "2069"]
[BlackCountry "ESP"]
[BlackFideId "32018215"]
[BlackEloChange "15"]

1. e4 {[%clk 1:30:00]} c5 {[%clk 1:30:00]} 2. Nf3 {[%clk 1:31:00]} Nc6 {[%clk
1:31:00]} 3. d4 {[%clk 1:31:00]} cxd4 {[%clk 1:31:00]} 4. Nxd4 {[%clk 1:32:00]}
g6 {[%clk 1:32:00]} 5. c4 {[%clk 1:32:00]} Nf6 {[%clk 1:32:00]} 6. Nc3 {[%clk
1:32:00]} Nxd4 {[%clk 1:33:00]} 7. Qxd4 {[%clk 1:33:00]} d6 {[%clk 1:33:00]} 8.
Bg5 {[%clk 1:23:00]} Bg7 {[%clk 1:33:00]} 9. Nd5 {[%clk 1:23:00]} O-O {[%clk
1:33:00]} 10. Bxf6 {[%clk 1:18:00]} exf6 {[%clk 1:33:00]} 11. Qd2 {[%clk
1:07:00]} Re8 {[%clk 1:25:00]} 12. O-O-O {[%clk 1:06:00]} Rxe4 {[%clk 1:20:00]}
13. Nc3 {[%clk 1:05:00]} Re6 {[%clk 1:11:00]} 14. c5 {[%clk 0:52:00]} Qa5 {[%clk
0:50:00]} 15. cxd6 {[%clk 0:50:00]} f5 {[%clk 0:45:00]} 16. Bc4 {[%clk 0:50:00]}
b5 {[%clk 0:35:00]} 17. Nxb5 {[%clk 0:47:00]} Qxd2+ {[%clk 0:34:00]} 18. Rxd2
{[%clk 0:46:00]} Bh6 {[%clk 0:33:00]} 19. Rd1 {[%clk 0:45:00]} Re5 {[%clk
0:22:00]} 20. Nc7 {[%clk 0:35:00]} Rb8 {[%clk 0:19:46]} 21. Nd5 {[%clk 0:34:00]}
Bxd2+ {[%clk 0:18:57]} 22. Rxd2 {[%clk 0:34:00]} Kg7 {[%clk 0:16:45]} 23. Nf4
{[%clk 0:27:00]} Re4 {[%clk 0:16:45]} 0-1

[Event "Campeonato España Sub 18"]
[Site "Salobreña"]
[Date "2017.08.01"]
[Round "3"]
[White "Centron Antuna, Daniel"]
[Black "Castillo Dalmau, Albert"]
[Result "1-0"]
[Board "8"]
[WhiteClock "1:30"]
[WhiteElo "2112"]
[WhiteCountry "ESP"]
[WhiteFideId "22288694"]
[WhiteEloChange "14"]
[BlackClock "1:30"]
[BlackElo "2258"]
[BlackCountry "ESP"]
[BlackFideId "32009925"]
[BlackEloChange "-14"]

1. d4 {[%clk 1:30:00]} Nf6 {[%clk 1:29:00]} 2. c4 {[%clk 1:30:00]} e6 {[%clk
1:29:00]} 3. Nf3 {[%clk 1:26:00]} b6 {[%clk 1:29:00]} 4. g3 {[%clk 1:26:00]} Ba6
{[%clk 1:29:00]} 5. Qa4 {[%clk 1:26:00]} c5 {[%clk 1:29:00]} 6. Bg2 {[%clk
1:26:00]} Bb7 {[%clk 1:30:00]} 7. dxc5 {[%clk 1:25:00]} Bxc5 {[%clk 1:30:00]} 8.
O-O {[%clk 1:25:00]} Be7 {[%clk 1:29:00]} 9. Nc3 {[%clk 1:22:00]} O-O {[%clk
1:28:00]} 10. Rd1 {[%clk 1:21:00]} Na6 {[%clk 1:27:00]} 11. Bf4 {[%clk 1:08:00]}
Nc5 {[%clk 1:23:00]} 12. Qc2 {[%clk 1:08:00]} Nce4 {[%clk 1:15:00]} 13. Nd4
{[%clk 0:57:00]} Nxc3 {[%clk 0:54:00]} 14. Bxb7 {[%clk 0:54:00]} Nxd1 {[%clk
0:54:00]} 15. Rxd1 {[%clk 0:54:00]} Qe8 {[%clk 0:54:00]} 16. Nb5 {[%clk 0:50:00]}
Rb8 {[%clk 0:49:00]} 17. Bxb8 {[%clk 0:46:00]} Qxb8 {[%clk 0:49:00]} 18. Bg2
{[%clk 0:47:00]} Rc8 {[%clk 0:47:00]} 19. Qa4 {[%clk 0:44:00]} a5 {[%clk
0:47:00]} 20. Qb3 {[%clk 0:40:00]} h6 {[%clk 0:35:00]} 21. Qd3 {[%clk 0:39:00]}
Qe5 {[%clk 0:33:00]} 22. b3 {[%clk 0:39:00]} Rd8 {[%clk 0:33:00]} 23. Nd6 {[%clk
0:35:00]} Bxd6 {[%clk 0:31:00]} 24. Qxd6 {[%clk 0:35:00]} Qxe2 {[%clk 0:20:00]}
25. a4 {[%clk 0:27:00]} Ne8 {[%clk 0:16:32]} 26. Qd4 {[%clk 0:26:00]} e5 {[%clk
0:15:48]} 27. Qd5 {[%clk 0:23:00]} Nf6 {[%clk 0:15:36]} 28. Qd6 {[%clk 0:22:00]}
Ne8 {[%clk 0:15:14]} 29. Qd5 {[%clk 0:22:00]} Nf6 {[%clk 0:13:24]} 30. Qd6 {[%clk
0:22:00]} Re8 {[%clk 0:10:55]} 31. Rf1 {[%clk 0:18:38]} e4 {[%clk 0:10:58]} 32.
Qxb6 {[%clk 0:15:58]} e3 {[%clk 0:10:10]} 33. fxe3 {[%clk 0:13:46]} Ng4 {[%clk
0:09:40]} 34. Qd4 {[%clk 0:09:38]} Rxe3 {[%clk 0:08:50]} 35. Qxd7 {[%clk
0:08:58]} Ne5 {[%clk 0:06:01]} 36. Qf5 {[%clk 0:07:31]} g6 {[%clk 0:02:40]} 37.
Qf6 {[%clk 0:06:29]} Qd3 {[%clk 0:01:06]} 38. Bd5 {[%clk 0:03:55]} Re2 {[%clk
0:01:02]} 39. Bxf7+ {[%clk 0:04:06]} Kh7 {[%clk 0:01:26]} 40. Bg8+ {[%clk
0:04:30]} Kxg8 {[%clk 0:01:36]} 41. Qf8+ {[%clk 0:04:51]} Kh7 {[%clk 0:02:01]}
42. Qe7+ {[%clk 0:05:18]} Nf7 {[%clk 0:02:03]} 43. Rxf7+ {[%clk 0:05:18]} 1-0

[Event "Campeonato España Sub 18"]
[Site "Salobreña"]
[Date "2017.08.01"]
[Round "3"]
[White "Quispe Arteaga, Gabriel"]
[Black "Presa Villa, Andres"]
[Result "1-0"]
[Board "9"]
[WhiteClock "1:30"]
[WhiteTitle "FM"]
[WhiteElo "2231"]
[WhiteCountry "ESP"]
[WhiteFideId "32059809"]
[WhiteEloChange "5"]
[BlackClock "1:30"]
[BlackElo "2058"]
[BlackCountry "ESP"]
[BlackFideId "32008651"]
[BlackEloChange "-5"]

1. d4 {[%clk 1:30:00]} Nf6 {[%clk 1:30:00]} 2. Nf3 {[%clk 1:30:00]} b6 {[%clk
1:30:00]} 3. g3 {[%clk 1:30:00]} Bb7 {[%clk 1:30:00]} 4. Bg2 {[%clk 1:31:00]} e6
{[%clk 1:31:00]} 5. O-O {[%clk 1:31:00]} Be7 {[%clk 1:31:00]} 6. c4 {[%clk
1:31:00]} O-O {[%clk 1:31:00]} 7. Nc3 {[%clk 1:31:00]} Ne4 {[%clk 1:31:00]} 8.
Qc2 {[%clk 1:27:00]} Nxc3 {[%clk 1:31:00]} 9. Qxc3 {[%clk 1:27:00]} c5 {[%clk
1:29:00]} 10. dxc5 {[%clk 1:25:00]} bxc5 {[%clk 1:27:00]} 11. Be3 {[%clk
1:23:00]} Qc7 {[%clk 1:23:00]} 12. Rad1 {[%clk 1:19:00]} d6 {[%clk 1:21:00]} 13.
Bg5 {[%clk 0:43:00]} f6 {[%clk 1:10:00]} 14. Bc1 {[%clk 0:42:00]} Nc6 {[%clk
1:09:00]} 15. h4 {[%clk 0:38:00]} e5 {[%clk 1:00:00]} 16. e3 {[%clk 0:35:00]} Nb4
{[%clk 0:45:00]} 17. a3 {[%clk 0:27:00]} Na2 {[%clk 0:44:00]} 18. Qc2 {[%clk
0:27:00]} Nxc1 {[%clk 0:44:00]} 19. Rxc1 {[%clk 0:28:00]} f5 {[%clk 0:44:00]} 20.
Nd2 {[%clk 0:27:00]} Bxg2 {[%clk 0:42:00]} 21. Kxg2 {[%clk 0:26:00]} Rab8 {[%clk
0:39:00]} 22. Kg1 {[%clk 0:26:00]} Qb7 {[%clk 0:38:00]} 23. Rb1 {[%clk 0:27:00]}
Qd7 {[%clk 0:31:00]} 24. b4 {[%clk 0:26:00]} cxb4 {[%clk 0:31:00]} 25. axb4
{[%clk 0:26:00]} f4 {[%clk 0:30:00]} 26. exf4 {[%clk 0:26:00]} Bxh4 {[%clk
0:23:00]} 27. Qe4 {[%clk 0:24:00]} Qg4 {[%clk 0:20:00]} 28. fxe5 {[%clk 0:24:00]}
Qxe4 {[%clk 0:12:20]} 29. Nxe4 {[%clk 0:24:00]} dxe5 {[%clk 0:12:07]} 30. gxh4
{[%clk 0:24:00]} Rf4 {[%clk 0:12:31]} 31. f3 {[%clk 0:24:00]} 1-0

[Event "Campeonato España Sub 18"]
[Site "Salobreña"]
[Date "2017.08.01"]
[Round "3"]
[White "Jimenez Ruano, Adrian"]
[Black "Lianes Garcia, Marcos"]
[Result "1/2-1/2"]
[Board "10"]
[WhiteClock "n/a"]
[WhiteElo "2171"]
[WhiteCountry "ESP"]
[WhiteFideId "22276050"]
[WhiteEloChange "5"]
[BlackClock "n/a"]
[BlackTitle "FM"]
[BlackElo "2352"]
[BlackCountry "ESP"]
[BlackFideId "32060777"]
[BlackEloChange "-5"]

1. d4 {[%clk 1:30:30]} Nf6 {[%clk 1:30:30]} 2. c4 {[%clk 1:30:30]} e6 {[%clk
1:30:30]} 3. Nc3 {[%clk 1:30:30]} d5 {[%clk 1:30:30]} 4. cxd5 {[%clk 1:30:30]}
exd5 {[%clk 1:30:30]} 5. Bg5 {[%clk 1:30:30]} c6 {[%clk 1:30:30]} 6. e3 {[%clk
1:30:30]} Bf5 {[%clk 1:30:30]} 7. Qf3 {[%clk 1:30:30]} Bg6 {[%clk 1:30:30]} 8.
Bxf6 {[%clk 1:30:30]} gxf6 {[%clk 1:30:30]} 9. Qd1 {[%clk 1:30:30]} Qa5 {[%clk
1:30:30]} 10. Bd3 {[%clk 1:30:30]} Ba3 {[%clk 1:30:30]} 11. Qa4 {[%clk 1:30:30]}
Qxa4 {[%clk 1:30:30]} 12. Nxa4 {[%clk 1:30:30]} Bxd3 {[%clk 1:30:30]} 13. bxa3
{[%clk 1:30:30]} b6 {[%clk 1:30:30]} 14. Nb2 {[%clk 1:30:30]} Ba6 {[%clk
1:30:30]} 15. Rc1 {[%clk 1:30:30]} Rg8 {[%clk 1:30:30]} 16. g3 {[%clk 1:30:30]}
Ke7 {[%clk 1:30:30]} 17. Nh3 {[%clk 1:30:30]} Kd6 {[%clk 1:30:30]} 18. Nf4 {[%clk
1:30:30]} Nd7 {[%clk 1:30:30]} 19. f3 {[%clk 1:30:30]} Rae8 {[%clk 1:30:30]} 20.
Kf2 {[%clk 1:30:30]} Nf8 {[%clk 1:30:30]} 21. Rhe1 {[%clk 1:30:30]} Ne6 {[%clk
1:30:30]} 22. Nh5 {[%clk 1:30:30]} Rg6 {[%clk 1:30:30]} 23. g4 {[%clk 1:30:30]}
Ng7 {[%clk 1:30:30]} 24. Ng3 {[%clk 1:30:30]} Rh8 {[%clk 1:30:30]} 25. h3 {[%clk
1:30:30]} h5 {[%clk 1:30:30]} 26. Rh1 {[%clk 1:30:30]} h4 {[%clk 1:30:30]} 27.
Ne2 {[%clk 1:30:30]} Ne6 {[%clk 1:30:30]} 28. f4 {[%clk 1:30:30]} Rgg8 {[%clk
1:30:30]} 29. Ng1 {[%clk 1:30:30]} c5 {[%clk 1:30:30]} 30. dxc5+ {[%clk 1:30:30]}
bxc5 {[%clk 1:30:30]} 31. Nf3 {[%clk 1:30:30]} Rb8 {[%clk 1:30:30]} 32. Rc2
{[%clk 1:30:30]} Rb5 {[%clk 1:30:30]} 33. Rd1 {[%clk 1:30:30]} Ra5 {[%clk
1:30:30]} 34. a4 {[%clk 1:30:30]} Kc6 {[%clk 1:30:30]} 35. Nd2 {[%clk 1:30:30]}
c4 {[%clk 1:30:30]} 36. Nb3 {[%clk 1:30:30]} Rc5 {[%clk 1:30:30]} 1/2-1/2

[Event "Campeonato España Sub 18"]
[Site "Salobreña"]
[Date "2017.08.01"]
[Round "3"]
[White "Mari Copa, Adria"]
[Black "Plazuelo Pascual, Juan"]
[Result "0-1"]
[Board "11"]
[WhiteClock "1:30"]
[WhiteElo "2103"]
[WhiteCountry "ESP"]
[WhiteFideId "22276122"]
[WhiteEloChange "-4"]
[BlackClock "1:30"]
[BlackTitle "FM"]
[BlackElo "2334"]
[BlackCountry "ESP"]
[BlackFideId "32059566"]
[BlackEloChange "4"]

1. e4 {[%clk 1:30:00]} c5 {[%clk 1:30:00]} 2. Nf3 {[%clk 1:31:00]} e6 {[%clk
1:31:00]} 3. g3 {[%clk 1:31:00]} Nc6 {[%clk 1:30:00]} 4. Bg2 {[%clk 1:31:00]} Nf6
{[%clk 1:31:00]} 5. Qe2 {[%clk 1:31:00]} e5 {[%clk 1:30:00]} 6. O-O {[%clk
1:31:00]} Be7 {[%clk 1:30:00]} 7. c3 {[%clk 1:30:00]} O-O {[%clk 1:31:00]} 8. Rd1
{[%clk 1:30:00]} Re8 {[%clk 1:27:00]} 9. d4 {[%clk 1:28:00]} cxd4 {[%clk
1:23:00]} 10. cxd4 {[%clk 1:28:00]} exd4 {[%clk 1:21:00]} 11. Nxd4 {[%clk
1:28:00]} Nxd4 {[%clk 1:20:00]} 12. Rxd4 {[%clk 1:29:00]} d5 {[%clk 1:11:00]} 13.
Be3 {[%clk 1:22:00]} Bc5 {[%clk 1:07:00]} 14. Rd3 {[%clk 1:19:00]} b6 {[%clk
0:55:00]} 15. Qd1 {[%clk 1:12:00]} Ba6 {[%clk 0:53:00]} 16. Rd2 {[%clk 1:10:00]}
Bxe3 {[%clk 0:51:00]} 17. fxe3 {[%clk 1:09:00]} Qe7 {[%clk 0:51:00]} 18. Nc3
{[%clk 1:08:00]} dxe4 {[%clk 0:51:00]} 19. Nd5 {[%clk 1:02:00]} Nxd5 {[%clk
0:50:00]} 20. Rxd5 {[%clk 1:03:00]} Bd3 {[%clk 0:47:00]} 21. Bf1 {[%clk 1:01:00]}
Rad8 {[%clk 0:45:00]} 22. Qb3 {[%clk 0:59:00]} Rxd5 {[%clk 0:44:00]} 23. Qxd5
{[%clk 0:59:00]} Rd8 {[%clk 0:44:00]} 24. Qf5 {[%clk 0:58:00]} Qc5 {[%clk
0:36:00]} 25. Qxc5 {[%clk 0:57:00]} bxc5 {[%clk 0:37:00]} 26. Bxd3 {[%clk
0:57:00]} Rxd3 {[%clk 0:33:00]} 27. Rc1 {[%clk 0:57:00]} g6 {[%clk 0:31:00]} 28.
Rxc5 {[%clk 0:57:00]} Rd1+ {[%clk 0:30:00]} 29. Kg2 {[%clk 0:56:00]} Rd2+ {[%clk
0:30:00]} 30. Kh3 {[%clk 0:56:00]} Rxb2 {[%clk 0:30:00]} 31. Ra5 {[%clk 0:56:00]}
Re2 {[%clk 0:27:00]} 32. Ra3 {[%clk 0:54:00]} h6 {[%clk 0:16:26]} 33. Kg4 {[%clk
0:53:00]} Rf2 {[%clk 0:16:19]} 34. h4 {[%clk 0:52:00]} h5+ {[%clk 0:14:19]} 35.
Kh3 {[%clk 0:52:00]} Rf3 {[%clk 0:14:33]} 36. Kg2 {[%clk 0:52:00]} Kg7 {[%clk
0:13:31]} 37. Rxa7 {[%clk 0:47:00]} Rxe3 {[%clk 0:13:55]} 38. a4 {[%clk 0:47:00]}
Ra3 {[%clk 0:13:37]} 39. a5 {[%clk 0:48:00]} Ra2+ {[%clk 0:13:39]} 40. Kf1 {[%clk
0:48:00]} Kf6 {[%clk 0:12:38]} 41. a6 {[%clk 0:47:00]} Ke6 {[%clk 0:11:22]} 42.
Ra8 {[%clk 0:47:00]} Kf5 {[%clk 0:10:17]} 43. a7 {[%clk 0:46:00]} Kg4 {[%clk
0:09:57]} 44. Re8 {[%clk 0:45:00]} Rxa7 {[%clk 0:10:21]} 45. Rxe4+ {[%clk
0:46:00]} Kxg3 {[%clk 0:10:21]} 0-1

[Event "Campeonato España Sub 18"]
[Site "Salobreña"]
[Date "2017.08.01"]
[Round "3"]
[White "Ortin Blanco, Inigo"]
[Black "Roldan Marques, Daniel"]
[Result "1/2-1/2"]
[Board "12"]
[WhiteClock "1:30"]
[WhiteElo "2090"]
[WhiteCountry "ESP"]
[WhiteFideId "32010125"]
[WhiteEloChange "5"]
[BlackClock "1:30"]
[BlackTitle "FM"]
[BlackElo "2300"]
[BlackCountry "ESP"]
[BlackFideId "32063318"]
[BlackEloChange "-5"]

1. d4 {[%clk 1:30:00]} e6 {[%clk 1:30:00]} 2. Nf3 {[%clk 1:30:00]} c5 {[%clk
1:30:00]} 3. c4 {[%clk 1:24:00]} Nf6 {[%clk 1:30:00]} 4. Nc3 {[%clk 1:24:00]} a6
{[%clk 1:18:00]} 5. g3 {[%clk 1:17:00]} cxd4 {[%clk 1:16:00]} 6. Nxd4 {[%clk
1:01:00]} Qc7 {[%clk 1:10:00]} 7. Qd3 {[%clk 1:00:00]} Nc6 {[%clk 1:09:00]} 8.
Nxc6 {[%clk 0:51:00]} Qxc6 {[%clk 1:04:00]} 9. Rg1 {[%clk 0:43:00]} Bc5 {[%clk
0:55:00]} 10. Bg2 {[%clk 0:42:30]} Qb6 {[%clk 0:54:29]} 11. e3 {[%clk 0:42:00]}
O-O {[%clk 0:50:00]} 12. Bf3 {[%clk 0:39:00]} Rd8 {[%clk 0:38:00]} 13. Kf1 {[%clk
0:35:00]} Qc7 {[%clk 0:34:00]} 14. Kg2 {[%clk 0:24:00]} d6 {[%clk 0:28:00]} 15.
b3 {[%clk 0:15:08]} Nd7 {[%clk 0:23:00]} 16. Qe2 {[%clk 0:09:33]} Ne5 {[%clk
0:20:00]} 17. Be4 {[%clk 0:09:52]} d5 {[%clk 0:17:25]} 18. cxd5 {[%clk 0:08:14]}
Bb4 {[%clk 0:16:01]} 19. Bb2 {[%clk 0:06:24]} Bxc3 {[%clk 0:14:09]} 20. Rac1
{[%clk 0:03:53]} exd5 {[%clk 0:13:56]} 21. Rxc3 {[%clk 0:03:58]} Qd7 {[%clk
0:11:25]} 22. Bxh7+ {[%clk 0:02:53]} Kxh7 {[%clk 0:11:27]} 23. Qh5+ {[%clk
0:03:18]} Kg8 {[%clk 0:11:55]} 24. Qxe5 {[%clk 0:03:30]} Qh3+ {[%clk 0:12:15]}
25. Kh1 {[%clk 0:03:24]} Bg4 {[%clk 0:08:47]} 26. Qf4 {[%clk 0:03:45]} Qh5 {[%clk
0:03:26]} 27. h4 {[%clk 0:03:49]} Bf3+ {[%clk 0:03:13]} 28. Kh2 {[%clk 0:04:11]}
Re8 {[%clk 0:02:13]} 29. Qg5 {[%clk 0:01:20]} Qxg5 {[%clk 0:02:28]} 30. hxg5
{[%clk 0:01:47]} Re5 {[%clk 0:01:27]} 31. g4 {[%clk 0:01:59]} Rxg5 {[%clk
0:01:26]} 32. Rg3 {[%clk 0:02:11]} Bxg4 {[%clk 0:00:48]} 33. f3 {[%clk 0:02:37]}
Rh5+ {[%clk 0:01:09]} 34. Kg2 {[%clk 0:03:01]} Be6 {[%clk 0:00:38]} 35. Rxg7+
{[%clk 0:01:30]} 1/2-1/2